000 00804nam a22002417a 4500
003 UA-OsUOA
001 132033
007 ta
008 20180703b un ||||| |||| 00| 0 ukr d
100 _aПавлова О. І.
090 _a81'1(075.8)
_bП12
942 _cBK
040 _aUA-OsUOA
_bukr
_cUA-OsUOA
_dUA-OsUOA
245 _aТеорія і практика термінознавства
_bнавчальний посібник для студентів внз
300 _a96 с.
955 _a2
041 _aukr
080 _a81'1(075.8)
020 _a978-966-416-473-0
260 _aРівне
_bВолинські обереги
_c2017
650 7 _a8 Мовознавство. Художня література. Літературознавство
_2UDC
999 _c420512
_d420512